000 005470000a22001930004500
020 _a84-301-0516-6
041 0 _aSPA
082 0 4 _aG 270.92 A8489t
100 1 _aAssmann, Hugo (1933-)
245 1 0 _aTeología desde la praxis de la liberación : Ensayo teológico desde la América dependiente / Hugo Assmann
250 _a2
260 _aSalamanca, España : Sígueme
300 _a271 Pag
001 8390
942 _cBK
999 _c38553
_d38553
336 _atexto
_btxt
_2rdacontent
337 _2rdamedia
_asin mediación
_bn
338 _2rdacarrier
_avolumen
_bnc